| 000 | 00767nam a2200229 i 4500 | ||
|---|---|---|---|
| 003 | DO-SdBNP | ||
| 005 | 20240117081345.0 | ||
| 006 | a||||gr|||| 00| 0 | ||
| 007 | ta | ||
| 008 | 240117e1948 ve ||||| z||| 00| 0 eng d | ||
| 040 |
_aDO-SdBNP _bspa _cBNPHU _erda |
||
| 082 | 4 |
_222 _bM516p |
|
| 100 | 1 |
_aMejía Soliere, Luis F., _d1892-1971 _944947 _eautor |
|
| 245 | 1 | 6 |
_aA los presidentes y demas miembros de las delegaciones a la novena conferencia internacional que se celebra en Bogotá. _cLuis F. Mejía |
| 264 |
_aCaracas, Venezuela _b[sin editora], _c1948 |
||
| 300 |
_a8 hojas ; _b28 cm |
||
| 336 |
_2rdacontent _atexto _btxt |
||
| 337 |
_2rdamedia _asin mediación _bn |
||
| 338 |
_2rdacarrier _avolumen _bnc |
||
| 590 | _aInventariado 2024 / MF | ||
| 942 |
_2ddc _cLF2 |
||
| 999 |
_c55701 _d55701 |
||